| 000 | 00924nam a2200313Ia 4500 | ||
|---|---|---|---|
| 003 | OSt | ||
| 005 | 20221006141921.0 | ||
| 006 | a|||||r|||| 00| 0 | ||
| 007 | ta | ||
| 008 | 221006b |||||||| |||| 00| 0 eng d | ||
| 020 | _c14.00 | ||
| 024 | _a4,645 | ||
| 037 | _cTextual | ||
| 040 |
_aEASL _cEASL _beng |
||
| 041 |
_2eng _aeng |
||
| 082 | _aVv41.N5, K8 | ||
| 100 |
_aFEUERWERKER Albert Ed. _9109826 |
||
| 245 | 0 | _aHistory in Communist China | |
| 260 |
_aCambridge _bM. I. T. Press _c1968 |
||
| 300 |
_a382p. _ccm. |
||
| 490 | _v CEL | ||
| 650 |
_a China - Communist historiography _9646529 |
||
| 650 |
_a China - December Ninth movement _9646530 |
||
| 650 |
_a Li Ta-Chao _9646531 |
||
| 650 |
_a Neo-Confucianism - Reappreaisal of _9646532 |
||
| 650 |
_aCommunist China - Confucius - Place _9646533 |
||
| 942 |
_hVv41.N5, K8 _cTEXL _2CC |
||
| 999 |
_c1072731 _d1072731 |
||